000 00382nam a22001697a 4500
005 20160628094838.0
008 160628b xxu||||| |||| 00| 0 eng d
020 _a81-7224-428-2
041 _aeng
082 _b10548
100 _aAdair, John
_9301
245 _aThe effective communicater
260 _bJaico
_c2005
300 _a143
650 _aManagement
_9241
942 _cBK
999 _c4362
_d4361